| 000 | 00558nam a22002057a 4500 | ||
|---|---|---|---|
| 003 | OSt | ||
| 005 | 20221206041009.0 | ||
| 008 | 221206b |||||||| |||| 00| 0 eng d | ||
| 020 | _a9781975175658 | ||
| 040 |
_aMMU _beng _cMMU _dMMU |
||
| 050 | _aRT 84.5 .M379 2019 | ||
| 100 | _aMcEwen, Melanie | ||
| 245 |
_aTheoretical basis for nursing / _cMelanie McEwen, Evelyn M. Wills. |
||
| 250 | _a6th ed. | ||
| 260 |
_aNew York : _bWolters Kluwer, _c2019. |
||
| 300 | _axvi, 604 p. : | ||
| 500 | _aIncludes index | ||
| 650 | _aNursing | ||
| 942 |
_2lcc _cLOAN LOAN |
||
| 999 |
_c32422 _d32419 |
||